000 00808nam a2200241Ia 4500
003 OSt
005 20220926003338.0
006 a|||||r|||| 00| 0
007 ta
008 220923b |||||||| |||| 00| 0 eng d
020 _a9780198084914
_c505.75
037 _bG-4553, 20/03/2014, Manohar Publishers & Distributors
_cGeneral Book
040 _aRTL
_cRTL
_beng
041 _2eng
_aeng
082 _aY15:3(NT).2, P5
100 _aMUKHERJEE Tutun
_9307197
245 0 _aStaging resistance
_b Plays by women in translation
260 _a New Delhi
_bOxford University Press
_c2005
300 _axiii, 552p.
_ccm.
650 _aSociology
942 _hY15:3(NT).2, P5
_cGB
_2CC
999 _c607589
_d607589